Novedades sobre la prueba judicial

Kaydedildi:
Detaylı Bibliyografya
Asıl Yazarlar: Hairabedián, Maximiliano (Yazar), Arbonés, Mariano (Yazar)
Materyal Türü: Kitap
Dil:İspanyolca
Baskı/Yayın Bilgisi: Córdoba Mediterránea 2002
Konular:
Etiketler: Etiketle
Etiket eklenmemiş, İlk siz ekleyin!

MARC

LEADER 00000nam a2200000 a 4500
001 UCK3222
003 CL-VaPUC
008 050415e20020000ag |||||||||||||||||spa|d
020 |a 9871020090 
082 0 4 |a 345.06  |b HAI  |2 21 
100 |a Hairabedián, Maximiliano  |e author  |9 491281 
700 0 |a Arbonés, Mariano  |e author  |9 491282 
245 1 0 |a Novedades sobre la prueba judicial 
300 |a 282 p 
942 |c BK 
945 |d 20050415 00:00:00  |a jcarroza 
260 |a Córdoba  |b Mediterránea  |c 2002 
650 7 |a DERECHO PENAL  |2 CL-VaPUC  |9 11 
650 0 |a Proceso penal  |9 381370 
650 7 |a PRUEBA PENAL  |2 CL-VaPUC  |9 256157 
583 |a last modification  |c 20171122 05:43:29  |k Rodrigo Vera 
999 |c 312483  |d 312481 
952 |0 0  |1 0  |4 0  |6 345_060000000000000_HAI_2002  |7 0  |8 A  |9 382889  |a BIBDER  |b BIBDER  |d 2019-11-21  |i 4105265  |o 345.06 HAI 2002  |p 4105265  |r 2023-01-25  |w 2019-11-21  |y BK  |k DER